| 000 | 00507cam a2200181ua 4500 | ||
|---|---|---|---|
| 020 | _c10.00 | ||
| 041 |
_amal _h |
||
| 082 |
_a894.812 09 _bKRI/KU |
||
| 100 | _aKrishna Pillai, Kuttipuzha . | ||
| 245 |
_aKuttippuzhayude thiranjedutha upanyasangal / _cKuttipuzha Krishna Pillai. _hTextual Documents |
||
| 250 |
_a1 / _b. |
||
| 260 |
_aKottayam : _bSahitya Pravarthaka Co-operative Society , _c1969. |
||
| 300 | _a408 ; . | ||
| 365 | _a10.00 | ||
| 504 | _a | ||
| 942 | _cBK | ||
| 999 |
_c6619 _d6619 |
||